header

An unreal estate (Record no. 141323)

MARC details
000 -LEADER
fixed length control field 01783nam a2200397 a 4500
082 04 - DEWEY DECIMAL CLASSIFICATION NUMBER
Classification number 304.209772/255
100 1# - MAIN ENTRY--AUTHOR NAME
Personal name Carspecken, Lucinda,
245 13 - TITLE STATEMENT
Title An unreal estate
260 ## - PUBLICATION, DISTRIBUTION, ETC. (IMPRINT)
Place of publication Bloomington :
Name of publisher Indiana University Press,
Year of publication c2012.
300 ## - PHYSICAL DESCRIPTION
Number of Pages 256 p. :
Other physical details ill.
650 #0 - SUBJECT ADDED ENTRY--TOPICAL TERM
Topical Term Sustainable living
Topical Term Self-reliant living
Topical Term Collective settlements
Topical Term Communitarianism
856 40 - ELECTRONIC LOCATION AND ACCESS
Uniform Resource Identifier http://site.ebrary.com/lib/rucke/Doc?id=10519685

No items available.

© 2026 Rongo University
Contact us: librarian | system librarian | Rongo university